000 00542nam a2200193Ia 4500
001 55254
008 120901n ii |||gr||||Z||||||465
020 _a978-81-85867-98-4
082 _a550.954
245 0 _aGeology of India
_cM Ramakrishnan & R Vaidyanadhan
_hTextual Documents
250 _aFirst-2010.
260 _aBanglore
_bGeological Society of India
300 _a556pg:
_bill;
_c30cm.
500 _aVolume 1 & 2
653 _aGeology
653 _aDeptt-Geology
700 _aRamakrishnan,M & Vaidyanadhan,R .
942 _2ddc
_cBK
999 _c55187
_d55187